000 00962nas a2200289 4500
001 BR2012007031
003 BR-BrBNA
005 20231205121202.0
007 ta
008 230509b bl.|||p| |||| 00| 00por d
040 _aBR-BrBNA
_bpor
_cBiblioteca Nacional de Agricultura
041 _a(Pt)
072 _aM12
100 1 _aPaiva, P. de
100 1 _aPinto, C.S.R.M.
100 1 _aVerani, J.R.
100 1 _aSilva, A.L. da
245 1 _aProdução da tilápia tailandesa Oreochromis niloticus, estocada em diferentes densidades em tanques-rede de pequeno volume instalados em viveiros de piscicultura povoados ou não com a mesma espécie
650 _aPISCICULTURA
650 _aTILÁPIA
650 _aTANQUE
650 _aPERFORMANCE
650 _aESTOCAGEM
773 0 _tBoletim do Instituto de Pesca (Brazil)
_xISSN 0046-9939
_g(2008), v. 34(1) p. 79-88
_wBR2012007031
909 _a202311
_bLúcia
_c55
_dLúcia Elande
942 _2AGRIS
_n0
_cANA
999 _c222220
_d222220